000 02093nem a2200517 i 4500
001 35226
003 KOSZ 005
005 20200207132521.0
006 m d
007 ad canzn
008 070810s2004 pl e | 1 pol
015 _aBDK 2004/634
020 _a8388611089
034 1 _aa
_b20000
035 _a991024768169705066
035 _a(PL-WaBN)b16756319-48omnis_nlop
035 _ab16756319
035 _a(OCoLC)838912951
035 _a(PL)b0000001675631
035 _a(EXLNZ-48OMNIS_NETWORK)9910467674405606
040 _aWA N
_cWA N
_dKOSZ 005/HR
080 _a912(438)
245 0 0 _aWarszawa i okolice :
_bskala 1:20 000 /
_coprac. wydawca MAPY ŚCIENNE BEATA PIĘTKA. WYDAWNICTWO KARTOGRAFICZNE.
255 _aSkala 1:20 000.
260 _aKatowice :
_bMAPY ŚCIENNE, Beata Piętka,
_c[2004].
300 _a1 atlas (s. mapy II-III, s. mapy 1-133, s. indeks 134-165, s. tekst 166-171 ) :
_bkolor. ;
_c22 cm, skoroszyt.
380 _aMapy
388 _a2001-
500 _aDokument towarzyszący: Polska [Dokument elektroniczny] : atlas drogowy turystyczno-krajoznawczy / [oprac. informatyczne Grzegorz Guździoł ; przygotow. materiałów Danuta Hazuk ; koordynator projektu Łukasz Bula].
500 _aTekst: wykaz linii komunikacjnych i indeks ulic.
500 _aZawiera plany 154 miejscowości i 20 gmin z okolic Warszawy.
540 _aCop. MAPY ŚCIENNE, Beata Piętka.
546 _aTreść mapy w jęz. pol., legenda także w jęz. ang. i niem.
648 7 _a2001-
_2DBN
651 7 _aWarszawa
_2DBN
651 7 _aWarszawa (woj. mazowieckie ; okolice)
655 7 _aPlan miasta
_2DBN
658 _aGeografia i nauki o Ziemi
700 1 _aBula, Łukasz
_eProjekt
700 1 _aGuździoł, Grzegorz
_eOpracowanie
700 1 _aHazuk, Danuta
_eOpracowanie
710 2 _aWydawnictwo Piętka
_eWydawca
856 4 1 _uhttp://koha.tu.koszalin.pl/cgi-bin/koha/opac-detail.pl?biblionumber=35226
_yKatalog online BPK
942 _2UKD
_cMP
999 _c35226
_d35226